000 00771 a2200169 4500
020 _a0860371689 (paperback)
020 _a9780860371687 (paperback)
082 0 4 _a297
090 _c5252
_d5252
100 1 _aAl-Kaysi, Marwan Ibrahim.
245 1 0 _aMorals and manners in islam :
_ba guide to islamic adab /
_cMarwan Ibrahim Al-Kaysi.
260 _a[S.l.] :
_bIslamic Foundation,
_c1986.
300 _a200 p. ;
_c21 cm.
520 _aThis compendium of rules regulating Islamic conduct at the personal, familial, social and other levels is a brief yet comprehensive handbook for Muslims and those non-Muslims interested in the Muslim way of life.
856 4 0 _3Amazon.com
_uhttp://www.amazon.com/exec/obidos/ASIN/0860371689/chopaconline-20
942 _aNBS
_cBK
_k297.44 IBR
999 _c347667
_d347667